000 00501nam a22002057a 4500
003 LK-CoDNM
005 20240926131421.0
008 240926b |||||||| |||| 00| 0 eng d
040 _aLK-CoDNM
_dLK-CoDNM
_eLK-CoDNM
041 _aeng
080 _a24
_bD44.1
245 _aThe Ceylon national review
260 _aColombo
_bGovernment press
_c1907
300 _b116p. ; 25 cm
490 _vNo.2
650 _aThe Ceylon national review
650 _aNo.2
650 _a22 D44.1
942 _cBK
999 _c152815
_d152815